Statystyki dla Hearthstone - Wszyscy bohaterowie

Kliknij tutaj aby rozwiązać quiz!

Ogólne statystyki

  • Ten quiz został rozwiązany 29 razy
  • Średni wynik to 12 z 26

Statystyki odpowiedzi

HintOdpowiedź% Poprawnych
KapłanAnduin
90%
CzarnoksiężnikGuldan
90%
MagJaina
90%
DruidMalfurion
86%
PaladynUther
83%
WojownikGarosz
79%
SzamanThrall
79%
ŁowcaRexxar
76%
KapłanTyrande
59%
ŁotrValeera
55%
PaladynArthas
52%
MagMedivh
52%
ŁotrMaiev
45%
WojownikMagni
41%
MagKhadgar
38%
ŁowcaAlleria
34%
DruidLunara
34%
PaladynLiadrin
31%
CzarnoksiężnikNomka
31%
SzamanMorgl
28%
CzarnoksiężnikMecha Jaraxxus
14%
PaladynSir Wkurz-ON
14%
DruidEliza
10%
SzamanKról Gromu
10%
SzamanKról Rastakan
10%
KapłanMadame Lazul
10%

Rozkład punktacji

Percentyl według liczby udzielonych odpowiedzi

Procent ludzi z każdym wynikiem

Twoja historia wyników

Nie rozwiązałeś tego quizu